[Event "Wolrd Chess Olympiad 2018"]
[Site "Batumi"]
[Date "2018.09.26"]
[Round "3"]
[Board "1"]
[WhiteFideId "21300020"]
[White "Klaas Tokelo"]
[BlackFideId "21400113"]
[Black "Mimbasa Kutesa Willy"]
[Result "1-0"]
[LiveChessVersion "1.4.8"]
[BlackElo "1760"]
[WhiteElo "1827"]

1. d4 {[%clk 1:30:46]} d5 {[%clk 1:30:33]} 2. Nf3 {[%clk 1:31:00]} Nc6
{[%clk 1:30:06]} 3. Bf4 {[%clk 1:31:00]} Nf6 {[%clk 1:27:22]} 4. h3
{[%clk 1:30:14]} Bf5 {[%clk 1:26:36]} 5. e3 {[%clk 1:30:20]} a6 {[%clk 1:26:47]}
6. Be2 {[%clk 1:30:32]} e6 {[%clk 1:26:45]} 7. O-O {[%clk 1:30:42]} h6
{[%clk 1:26:45]} 8. c4 {[%clk 1:30:41]} g5 {[%clk 1:26:38]} 9. Be5
{[%clk 1:29:22]} g4 {[%clk 1:25:29]} 10. hxg4 {[%clk 1:28:54]} Bxg4
{[%clk 1:25:29]} 11. cxd5 {[%clk 1:26:55]} Qxd5 {[%clk 1:24:58]} 12. Bxf6
{[%clk 1:27:02]} Rg8 {[%clk 1:24:30]} 13. Nc3 {[%clk 1:22:16]} Qf5
{[%clk 1:22:13]} 14. Bh4 {[%clk 1:21:43]} Bd6 {[%clk 1:22:06]} 15. Bg3
{[%clk 1:19:05]} O-O-O {[%clk 1:22:09]} 16. e4 {[%clk 1:18:10]} Qh5
{[%clk 1:21:44]} 17. e5 {[%clk 1:13:23]} Be7 18. Nh2 Bxe2 {[%clk 1:18:31]} 19.
Nxe2 {[%clk 1:13:11]} Bc5 {[%clk 1:15:22]} 20. Nf3 {[%clk 1:12:40]} Qg4
{[%clk 1:14:23]} 21. Rc1 {[%clk 1:11:59]} Bb6 {[%clk 1:13:51]} 22. Rc4
{[%clk 1:10:34]} h5 {[%clk 1:13:25]} 23. Qc2 {[%clk 1:09:29]} Qg7
{[%clk 1:10:59]} 24. Qe4 {[%clk 1:07:46]} Ne7 {[%clk 1:10:22]} 25. Nh4
{[%clk 1:07:07]} Qh8 {[%clk 1:09:23]} 26. Qf3 {[%clk 1:05:41]} Qh7
{[%clk 1:08:02]} 27. Rfc1 {[%clk 1:04:11]} Rg4 {[%clk 1:07:08]} 28. b4
{[%clk 1:02:38]} Nd5 {[%clk 1:05:37]} 29. a4 {[%clk 1:02:30]} c6 {[%clk 1:04:11]}
30. b5 {[%clk 1:02:28]} axb5 {[%clk 1:03:37]} 31. axb5 {[%clk 1:02:51]} Rd7
{[%clk 1:01:56]} 32. bxc6 {[%clk 1:02:36]} bxc6 {[%clk 1:01:51]} 33. Rxc6+
{[%clk 1:01:40]} Kd8 {[%clk 1:01:49]} 34. Rc8+ {[%clk 1:01:47]} Ke7
{[%clk 1:01:09]} 35. Qa3+ {[%clk 1:02:05]} 1-0

[Event "Wolrd Chess Olympiad 2018"]
[Site "Batumi"]
[Date "2018.09.26"]
[Round "3"]
[Board "2"]
[WhiteFideId "21400067"]
[White "Esungi Guy Botetsi"]
[BlackFideId "14317176"]
[Black "Khalema Sechaba"]
[Result "0-1"]
[LiveChessVersion "1.4.8"]
[BlackElo "1779"]
[WhiteElo "1495"]

1. d4 {[%clk 1:30:36]} Nf6 {[%clk 1:30:51]} 2. c4 {[%clk 1:30:03]} c5
{[%clk 1:28:42]} 3. d5 {[%clk 1:29:14]} b5 {[%clk 1:23:51]} 4. e3
{[%clk 1:27:27]} b4 {[%clk 1:19:03]} 5. Nf3 {[%clk 1:25:11]} g6 {[%clk 1:19:22]}
6. Bd3 {[%clk 1:23:32]} Bg7 {[%clk 1:19:41]} 7. O-O {[%clk 1:22:29]} d6
{[%clk 1:19:57]} 8. Nbd2 {[%clk 1:20:49]} a5 {[%clk 1:20:19]} 9. b3
{[%clk 1:19:18]} Nxd5 {[%clk 1:20:26]} 10. cxd5 {[%clk 1:13:26]} Bxa1
{[%clk 1:19:56]} 11. Qc2 {[%clk 1:12:35]} a4 {[%clk 1:18:19]} 12. Bb2
{[%clk 1:10:32]} Bxb2 {[%clk 1:18:37]} 13. Qxb2 {[%clk 1:10:35]} O-O
{[%clk 1:18:58]} 14. e4 {[%clk 1:02:50]} Nd7 {[%clk 1:17:41]} 15. Qc1
{[%clk 0:59:43]} axb3 {[%clk 1:17:48]} 16. axb3 {[%clk 0:56:24]} Ba6
{[%clk 1:14:47]} 17. Nc4 {[%clk 0:54:19]} Nb6 {[%clk 1:15:07]} 18. Qh6
{[%clk 0:53:23]} f6 {[%clk 1:15:29]} 19. Nh4 {[%clk 0:51:19]} Bxc4
{[%clk 1:15:47]} 20. bxc4 {[%clk 0:45:13]} Rf7 {[%clk 1:11:20]} 21. e5
{[%clk 0:42:04]} Qf8 {[%clk 1:11:24]} 22. Qc1 {[%clk 0:37:01]} fxe5
{[%clk 1:11:44]} 23. Bxg6 {[%clk 0:30:15]} hxg6 {[%clk 1:08:05]} 24. Nxg6
{[%clk 0:30:13]} Qg7 {[%clk 1:08:24]} 25. Qg5 {[%clk 0:29:19]} Rf6
{[%clk 1:07:11]} 26. Nxe7+ Kf7 27. Qxg7+ {[%clk 0:25:30]} Kxg7 {[%clk 1:07:24]}
0-1

[Event "Wolrd Chess Olympiad 2018"]
[Site "Batumi"]
[Date "2018.09.26"]
[Round "3"]
[Board "1"]
[WhiteFideId "31900232"]
[White "Guterres Luis"]
[BlackFideId "15701190"]
[Black "Kibrom Weldegebriel Beraki"]
[Result "0-1"]
[LiveChessVersion "1.4.8"]
[BlackElo "1723"]
[WhiteElo "1779"]

1. e4 {[%clk 1:30:51]} e5 {[%clk 1:28:46]} 2. c4 {[%clk 1:31:11]} Nc6
{[%clk 1:28:31]} 3. Nc3 {[%clk 1:31:20]} Nf6 {[%clk 1:28:40]} 4. d3
{[%clk 1:31:29]} Bc5 {[%clk 1:26:18]} 5. h3 {[%clk 1:31:45]} d6 {[%clk 1:26:07]}
6. Nf3 {[%clk 1:31:24]} h6 {[%clk 1:24:51]} 7. Be2 {[%clk 1:31:16]} Be6
{[%clk 1:24:16]} 8. Bd2 {[%clk 1:30:01]} Nd4 {[%clk 1:23:38]} 9. O-O
{[%clk 1:27:25]} Qd7 {[%clk 1:22:59]} 10. Nh2 {[%clk 1:25:25]} g5
{[%clk 1:21:52]} 11. Ng4 {[%clk 1:23:56]} Nxe2+ {[%clk 1:21:17]} 12. Qxe2
{[%clk 1:22:04]} Nxg4 {[%clk 1:20:38]} 13. hxg4 {[%clk 1:22:07]} Bxg4
{[%clk 1:20:46]} 14. Qe1 {[%clk 1:22:21]} f5 {[%clk 1:19:43]} 15. Be3
{[%clk 1:22:25]} O-O-O {[%clk 1:13:31]} 16. Nd5 {[%clk 1:18:20]} c6
{[%clk 1:12:00]} 17. Nf6 {[%clk 1:18:09]} Qe7 {[%clk 1:11:08]} 18. Nxg4
{[%clk 1:17:55]} fxg4 {[%clk 1:11:12]} 19. Bxc5 {[%clk 1:16:16]} dxc5
{[%clk 1:11:30]} 20. Qe3 {[%clk 1:15:06]} b6 {[%clk 1:02:35]} 21. a3
{[%clk 1:14:46]} Qd6 {[%clk 1:01:50]} 22. Rfd1 {[%clk 1:14:51]} Qd4
{[%clk 1:01:09]} 23. Qxd4 {[%clk 1:14:12]} Rxd4 {[%clk 1:01:02]} 24. Rd2
{[%clk 1:13:54]} Rhd8 {[%clk 1:00:49]} 25. Rad1 {[%clk 1:14:10]} Kb7
{[%clk 1:00:10]} 26. b4 {[%clk 1:14:18]} cxb4 {[%clk 0:59:50]} 27. axb4
{[%clk 1:14:32]} b5 {[%clk 0:58:19]} 28. cxb5 {[%clk 1:10:12]} cxb5
{[%clk 0:57:15]} 29. Rc2 {[%clk 1:09:11]} Rxd3 {[%clk 0:49:16]} 30. Rdc1
{[%clk 1:08:51]} Rd1+ {[%clk 0:48:55]} 31. Kh2 {[%clk 1:08:33]} Rxc1
{[%clk 0:48:56]} 32. Rxc1 {[%clk 1:08:41]} Rd4 {[%clk 0:49:12]} 33. Rc5
{[%clk 1:08:58]} Rxb4 {[%clk 0:48:47]} 34. Rxe5 {[%clk 1:09:12]} a5
{[%clk 0:48:28]} 35. Kg3 {[%clk 1:09:19]} a4 {[%clk 0:48:37]} 36. Kxg4
{[%clk 1:09:36]} a3 {[%clk 0:48:46]} 37. Rd5 {[%clk 1:07:29]} a2 {[%clk 0:48:57]}
38. Rd1 {[%clk 1:07:21]} Rb1 {[%clk 0:48:18]} 39. Rxb1 {[%clk 1:07:15]} axb1=Q
{[%clk 0:47:56]} 40. Kf5 {[%clk 1:37:15]} Kc6 {[%clk 1:18:02]} 41. f3
{[%clk 1:37:13]} Kd6 {[%clk 1:18:13]} 42. Kg6 {[%clk 1:37:12]} Ke6
{[%clk 1:17:53]} 43. Kxh6 {[%clk 1:37:16]} Kf6 {[%clk 1:18:09]} 44. Kh7
{[%clk 1:36:40]} Qh1+ {[%clk 1:18:24]} 45. Kg8 {[%clk 1:36:38]} Qh6
{[%clk 1:18:45]} 46. e5+ {[%clk 1:36:32]} Kxe5 0-1

[Event "Wolrd Chess Olympiad 2018"]
[Site "Batumi"]
[Date "2018.09.26"]
[Round "3"]
[Board "1"]
[WhiteFideId "1007220"]
[White "Croes Octavio"]
[BlackFideId "1622218"]
[Black "Kamara Ansumana"]
[Result "0-1"]
[LiveChessVersion "1.4.8"]
[BlackElo "1910"]
[WhiteElo "1805"]

1. d4 {[%clk 1:30:56]} Nf6 {[%clk 1:30:35]} 2. Nf3 {[%clk 1:31:19]} g6
{[%clk 1:30:43]} 3. c4 {[%clk 1:31:31]} Bg7 {[%clk 1:30:57]} 4. Nc3
{[%clk 1:31:49]} d6 {[%clk 1:31:01]} 5. h3 {[%clk 1:32:00]} Nbd7 {[%clk 1:30:21]}
6. Bf4 {[%clk 1:32:11]} c5 {[%clk 1:29:57]} 7. e3 {[%clk 1:32:26]} O-O
{[%clk 1:29:59]} 8. Be2 {[%clk 1:32:52]} cxd4 {[%clk 1:26:36]} 9. exd4
{[%clk 1:33:13]} Nh5 {[%clk 1:25:52]} 10. Be3 {[%clk 1:28:23]} a6
{[%clk 1:25:08]} 11. O-O {[%clk 1:28:23]} f5 {[%clk 1:25:03]} 12. d5
{[%clk 1:21:18]} Nc5 {[%clk 1:21:32]} 13. Bd4 {[%clk 1:17:13]} Nf6
{[%clk 1:19:53]} 14. Nd2 {[%clk 1:13:46]} e5 {[%clk 1:17:47]} 15. dxe6
{[%clk 1:11:57]} Bxe6 {[%clk 1:18:01]} 16. b4 {[%clk 1:03:42]} Ncd7
{[%clk 1:14:16]} 17. Nf3 {[%clk 0:55:07]} h6 {[%clk 1:12:37]} 18. Rc1
{[%clk 0:53:51]} Rc8 {[%clk 1:06:11]} 19. Bxf6 {[%clk 0:50:54]} Nxf6
{[%clk 1:04:50]} 20. Nd4 {[%clk 0:47:44]} Bf7 {[%clk 1:05:00]} 21. Re1
{[%clk 0:46:28]} Re8 {[%clk 1:05:04]} 22. Bf3 {[%clk 0:45:35]} Rxc4
{[%clk 1:04:09]} 23. Rxe8+ {[%clk 0:43:42]} Nxe8 {[%clk 1:04:26]} 24. Nce2
{[%clk 0:40:25]} Rxb4 {[%clk 1:03:34]} 25. Qd2 {[%clk 0:36:44]} Qb6
{[%clk 1:02:49]} 26. Nb3 {[%clk 0:33:13]} a5 {[%clk 1:02:20]} 27. Bd5
{[%clk 0:31:41]} Nc7 {[%clk 0:55:09]} 28. Bxf7+ {[%clk 0:28:34]} Kxf7
{[%clk 0:55:29]} 29. Nf4 {[%clk 0:28:24]} Rb5 {[%clk 0:51:51]} 30. Qe2
{[%clk 0:25:29]} Re5 {[%clk 0:48:07]} 31. Qc4+ {[%clk 0:24:38]} Ne6
{[%clk 0:48:15]} 32. Nxe6 {[%clk 0:24:53]} Rxe6 {[%clk 0:47:05]} 33. Re1
{[%clk 0:22:14]} Be5 {[%clk 0:47:08]} 34. Qd5 {[%clk 0:21:29]} Qc6
{[%clk 0:43:13]} 35. Qxa5 {[%clk 0:18:27]} Bc3 {[%clk 0:43:00]} 36. Rc1
{[%clk 0:16:35]} Bxa5 {[%clk 0:42:21]} 37. Rxc6 {[%clk 0:16:55]} bxc6
{[%clk 0:42:40]} 38. Nxa5 {[%clk 0:17:24]} d5 {[%clk 0:42:32]} 0-1

[Event "Wolrd Chess Olympiad 2018"]
[Site "Batumi"]
[Date "2018.09.26"]
[Round "3"]
[Board "2"]
[WhiteFideId "17800048"]
[White "Winston Gerald Mansfield Thomas"]
[BlackFideId "15900037"]
[Black "Pesqueira Jose"]
[Result "1-0"]
[LiveChessVersion "1.4.8"]
[BlackElo "1801"]
[WhiteElo "1844"]

1. d4 {[%clk 1:30:57]} f5 {[%clk 1:30:50]} 2. Bf4 {[%clk 1:31:07]} Nf6
{[%clk 1:31:06]} 3. e3 {[%clk 1:31:23]} g6 {[%clk 1:29:38]} 4. h3
{[%clk 1:31:18]} d6 {[%clk 1:29:53]} 5. Bc4 {[%clk 1:31:04]} e6 {[%clk 1:29:31]}
6. Nf3 {[%clk 1:31:11]} Bg7 {[%clk 1:24:17]} 7. Bb3 {[%clk 1:31:19]} Qe7
{[%clk 1:21:03]} 8. c3 {[%clk 1:30:37]} Nc6 {[%clk 1:07:26]} 9. Qe2
{[%clk 1:30:42]} a6 {[%clk 0:28:07]} 10. Nbd2 {[%clk 1:30:51]} d5
{[%clk 0:28:21]} 11. Ne5 {[%clk 1:30:15]} Nxe5 {[%clk 0:27:56]} 12. Bxe5
{[%clk 1:30:38]} c6 {[%clk 0:21:57]} 13. c4 {[%clk 1:30:12]} Nd7 {[%clk 0:20:17]}
14. Bg3 {[%clk 1:28:44]} O-O {[%clk 0:13:47]} 15. O-O {[%clk 1:28:56]} Kh8
{[%clk 0:12:55]} 16. Nf3 {[%clk 1:28:47]} Bf6 {[%clk 0:10:22]} 17. c5
{[%clk 1:27:17]} e5 {[%clk 0:09:15]} 18. Qd2 {[%clk 1:26:09]} Re8
{[%clk 0:09:17]} 19. Rad1 {[%clk 1:25:02]} Qg7 {[%clk 0:05:26]} 20. Bc2
{[%clk 1:24:45]} e4 {[%clk 0:04:17]} 21. Nh2 {[%clk 1:24:16]} Qe7
{[%clk 0:01:30]} 22. Bd6 {[%clk 1:24:19]} Qe6 {[%clk 0:01:42]} 23. Rde1
{[%clk 1:24:13]} Be7 {[%clk 0:01:24]} 24. Bc7 {[%clk 1:24:15]} Bf6
{[%clk 0:00:50]} 25. Bd1 {[%clk 1:24:33]} Qf7 {[%clk 0:00:57]} 26. Bd6
{[%clk 1:24:42]} Nf8 {[%clk 0:00:58]} 27. f4 {[%clk 1:24:28]} exf3
{[%clk 0:00:48]} 28. Nxf3 {[%clk 1:24:28]} Nd7 {[%clk 0:00:45]} 29. Bf4
{[%clk 1:24:20]} Qe7 {[%clk 0:00:38]} 30. Bd6 {[%clk 1:24:27]} Qe6
{[%clk 0:00:52]} 31. Qf2 {[%clk 1:24:05]} b6 {[%clk 0:01:13]} 32. b4
{[%clk 1:24:27]} bxc5 {[%clk 0:01:38]} 33. bxc5 {[%clk 1:24:32]} a5
{[%clk 0:01:21]} 34. Kh1 {[%clk 1:24:37]} Ba6 {[%clk 0:01:32]} 35. Rg1
{[%clk 1:22:20]} Bd3 {[%clk 0:01:07]} 36. Ba4 {[%clk 1:22:17]} Rac8
{[%clk 0:00:38]} 37. Qd2 {[%clk 1:21:55]} Be4 {[%clk 0:00:44]} 38. Rgf1
{[%clk 1:21:50]} Nb6 {[%clk 0:00:35]} 39. cxb6 {[%clk 1:20:00]} Qxd6
{[%clk 0:01:03]} 40. Rc1 {[%clk 1:18:57]} Kg7 {[%clk 0:00:36]} 41. Rc5
{[%clk 1:18:08]} Kh8 {[%clk 0:00:43]} 42. Qc3 {[%clk 1:48:09]} g5
{[%clk 0:06:36]} 43. Rxc6 {[%clk 1:48:24]} Rxc6 {[%clk 0:07:03]} 44. Qxc6
{[%clk 1:48:39]} Qxc6 {[%clk 0:07:18]} 45. Bxc6 {[%clk 1:49:07]} Rb8
{[%clk 0:07:13]} 46. b7 {[%clk 1:49:27]} Kg7 {[%clk 0:06:52]} 47. Rf2
{[%clk 1:48:42]} Kf7 {[%clk 0:05:39]} 48. Nd2 {[%clk 1:48:48]} Ke6
{[%clk 0:04:55]} 49. Nxe4 {[%clk 1:48:39]} fxe4 {[%clk 0:05:22]} 50. Rb2
{[%clk 1:46:01]} Kd6 {[%clk 0:04:04]} 51. Rb6 {[%clk 1:46:17]} Bd8
{[%clk 0:02:51]} 52. Ra6 {[%clk 1:46:43]} Bc7 {[%clk 0:03:07]} 53. Kg1
{[%clk 1:46:13]} h5 {[%clk 0:02:43]} 54. g4 {[%clk 1:39:35]} hxg4
{[%clk 0:02:59]} 55. hxg4 {[%clk 1:39:56]} Rf8 {[%clk 0:01:34]} 56. Bb5+
{[%clk 1:38:21]} Ke7 {[%clk 0:01:54]} 57. Rc6 {[%clk 1:37:59]} Kd8
{[%clk 0:00:36]} 58. Rc5 {[%clk 1:38:02]} Bd6 {[%clk 0:00:49]} 59. Rc8+
{[%clk 1:33:59]} Ke7 {[%clk 0:01:02]} 60. Rxf8 {[%clk 1:33:50]} Kxf8
{[%clk 0:01:31]} 61. Bc6 {[%clk 1:34:13]} Ke7 {[%clk 0:01:00]} 62. Bxd5
{[%clk 1:33:45]} Kd7 {[%clk 0:00:52]} 63. Bxe4 {[%clk 1:34:11]} Kc7
{[%clk 0:00:49]} 64. a4 {[%clk 1:34:24]} Bg3 {[%clk 0:00:46]} 65. Kg2
{[%clk 1:34:52]} Bd6 {[%clk 0:01:12]} 66. Kf3 {[%clk 1:34:53]} Bh2
{[%clk 0:01:24]} 67. Ke2 {[%clk 1:34:59]} Bg3 {[%clk 0:01:18]} 68. Bd5
{[%clk 1:35:17]} Bd6 {[%clk 0:00:49]} 69. e4 {[%clk 1:35:35]} Bf4
{[%clk 0:00:44]} 70. e5 {[%clk 1:35:56]} Bc1 {[%clk 0:00:37]} 71. Kd3
{[%clk 1:36:12]} Ba3 {[%clk 0:00:41]} 72. Kc4 {[%clk 1:36:17]} Bb4
{[%clk 0:00:58]} 73. Bc6 {[%clk 1:36:10]} Be7 {[%clk 0:00:51]} 74. d5
{[%clk 1:36:29]} Bd8 {[%clk 0:00:33]} 75. Kb5 {[%clk 1:36:05]} Kb8
{[%clk 0:00:36]} 76. d6 {[%clk 1:36:13]} Ka7 {[%clk 0:00:52]} 77. e6
{[%clk 1:37:00]} Bc7 {[%clk 0:01:38]} 1-0

[Event "Wolrd Chess Olympiad 2018"]
[Site "Batumi"]
[Date "2018.09.26"]
[Round "3"]
[Board "3"]
[WhiteFideId "15900509"]
[White "Diaz Brian"]
[BlackFideId "10001034"]
[Black "Lwebuga Ronald"]
[Result "1-0"]
[LiveChessVersion "1.4.8"]
[BlackElo "1819"]
[WhiteElo "1737"]

1. c4 {[%clk 1:30:58]} f5 {[%clk 1:30:47]} 2. g3 {[%clk 1:31:21]} Nf6
{[%clk 1:31:09]} 3. Bg2 {[%clk 1:31:47]} g6 {[%clk 1:31:14]} 4. Nc3
{[%clk 1:32:08]} Bg7 {[%clk 1:31:36]} 5. Nf3 {[%clk 1:32:18]} d6 {[%clk 1:31:56]}
6. d4 {[%clk 1:32:36]} c6 {[%clk 1:31:37]} 7. O-O {[%clk 1:27:50]} Na6
{[%clk 1:31:49]} 8. Qb3 {[%clk 1:19:10]} O-O {[%clk 1:31:04]} 9. Ng5
{[%clk 1:17:54]} h6 {[%clk 1:29:23]} 10. c5+ {[%clk 1:06:46]} d5 {[%clk 1:29:43]}
11. Nf3 {[%clk 1:06:54]} Kh7 {[%clk 1:28:58]} 12. Bf4 {[%clk 1:05:37]} Nb8
{[%clk 1:25:28]} 13. Qc2 {[%clk 1:04:43]} Nbd7 {[%clk 1:24:39]} 14. b4
{[%clk 1:02:36]} Nh5 {[%clk 1:24:48]} 15. Be5 {[%clk 1:02:36]} Nxe5
{[%clk 1:24:22]} 16. Nxe5 {[%clk 1:02:52]} Nf6 {[%clk 1:21:44]} 17. a4
{[%clk 0:59:32]} Qc7 {[%clk 1:21:17]} 18. b5 {[%clk 0:57:07]} Ne4
{[%clk 1:20:47]} 19. f4 {[%clk 0:54:37]} Bd7 {[%clk 1:18:46]} 20. e3
{[%clk 0:48:22]} Bxe5 {[%clk 1:14:26]} 21. fxe5 {[%clk 0:46:50]} e6
{[%clk 1:11:58]} 22. Bxe4 {[%clk 0:46:33]} fxe4 {[%clk 1:12:05]} 23. Rf2
{[%clk 0:46:14]} cxb5 {[%clk 0:59:58]} 24. Raf1 {[%clk 0:37:59]} Rxf2
{[%clk 0:46:27]} 25. Qxf2 {[%clk 0:36:47]} Rg8 {[%clk 0:46:43]} 26. Nxb5
{[%clk 0:27:25]} Bxb5 {[%clk 0:44:53]} 27. Qf7+ {[%clk 0:23:56]} Rg7
{[%clk 0:41:15]} 28. Qxc7 {[%clk 0:24:21]} Rxc7 {[%clk 0:38:45]} 29. axb5
{[%clk 0:24:48]} Kg7 {[%clk 0:37:04]} 30. Rf6 {[%clk 0:23:04]} Re7
{[%clk 0:37:16]} 31. Kf2 {[%clk 0:21:39]} h5 {[%clk 0:23:54]} 32. Ke2
{[%clk 0:21:26]} Kh6 {[%clk 0:22:24]} 33. Kd2 {[%clk 0:21:27]} Kg5
{[%clk 0:16:16]} 34. h3 {[%clk 0:21:41]} a6 {[%clk 0:11:10]} 35. Kc3
{[%clk 0:19:27]} axb5 {[%clk 0:09:03]} 36. Kb4 {[%clk 0:19:50]} Re8
{[%clk 0:08:34]} 37. Kxb5 {[%clk 0:16:39]} Ra8 {[%clk 0:05:55]} 38. Rxe6
{[%clk 0:15:31]} Ra3 {[%clk 0:06:09]} 39. Rf6 {[%clk 0:09:02]} Rxe3
{[%clk 0:06:30]} 40. h4+ {[%clk 0:38:52]} Kg4 {[%clk 0:32:06]} 41. e6
{[%clk 0:39:04]} Rf3 {[%clk 0:12:16]} 42. Rxg6+ {[%clk 0:38:42]} Kf5
{[%clk 0:12:10]} 43. e7 {[%clk 0:39:03]} Kxg6 {[%clk 0:10:38]} 44. e8=Q+
{[%clk 0:39:26]} Rf7 {[%clk 0:05:15]} 45. Qe6+ {[%clk 0:39:43]} Kg7
{[%clk 0:05:13]} 46. Qxd5 {[%clk 0:38:54]} Re7 {[%clk 0:05:34]} 47. Qg5+
{[%clk 0:39:09]} Kf8 {[%clk 0:05:40]} 48. Qh6+ {[%clk 0:38:47]} Kg8
{[%clk 0:05:13]} 49. Qxh5 {[%clk 0:39:04]} e3 {[%clk 0:05:36]} 50. Qe2 1-0

[Event "Wolrd Chess Olympiad 2018"]
[Site "Batumi"]
[Date "2018.09.26"]
[Round "3"]
[Board "1"]
[WhiteFideId "19600054"]
[White "Hemam Moulaye Brahim"]
[BlackFideId "15800059"]
[Black "Banlock Benjamin Didier"]
[Result "1-0"]
[LiveChessVersion "1.4.8"]
[BlackElo "2058"]
[WhiteElo "2018"]

1. d4 {[%clk 1:30:52]} Nf6 {[%clk 1:30:47]} 2. Nf3 {[%clk 1:31:15]} g6
{[%clk 1:30:59]} 3. g3 {[%clk 1:31:33]} Bg7 {[%clk 1:30:52]} 4. Bg2
{[%clk 1:31:57]} c5 {[%clk 1:28:52]} 5. O-O {[%clk 1:31:12]} cxd4
{[%clk 1:27:59]} 6. Nxd4 {[%clk 1:31:35]} O-O {[%clk 1:28:20]} 7. c4
{[%clk 1:30:05]} Qb6 {[%clk 1:27:16]} 8. Nc3 {[%clk 1:26:21]} Nc6
{[%clk 1:26:46]} 9. Nb3 {[%clk 1:24:59]} d6 {[%clk 1:24:12]} 10. Bg5
{[%clk 1:10:57]} Qd8 {[%clk 1:24:04]} 11. Qc1 {[%clk 1:08:13]} Na5
{[%clk 1:21:48]} 12. Nxa5 {[%clk 1:06:24]} Qxa5 {[%clk 1:22:06]} 13. Bh6
{[%clk 1:05:50]} Qh5 {[%clk 1:22:04]} 14. Bxg7 {[%clk 1:06:00]} Kxg7
{[%clk 1:22:25]} 15. Rd1 {[%clk 1:03:17]} Rb8 {[%clk 1:20:36]} 16. Rd4
{[%clk 1:01:22]} Qc5 {[%clk 1:18:54]} 17. Qd2 {[%clk 0:58:21]} Be6
{[%clk 1:09:54]} 18. b3 {[%clk 0:53:08]} h5 {[%clk 1:06:50]} 19. h3
{[%clk 0:52:25]} Rfd8 {[%clk 1:04:55]} 20. Rd1 {[%clk 0:51:20]} a6
{[%clk 1:04:00]} 21. a4 {[%clk 0:43:44]} Qc8 {[%clk 0:55:30]} 22. Kh2
{[%clk 0:43:25]} Nd7 {[%clk 0:55:40]} 23. Ne4 {[%clk 0:34:23]} b5
{[%clk 0:49:50]} 24. axb5 {[%clk 0:26:27]} axb5 {[%clk 0:48:54]} 25. Qc3
{[%clk 0:25:15]} Kg8 {[%clk 0:47:53]} 26. c5 {[%clk 0:20:54]} b4 {[%clk 0:38:52]}
27. Rxb4 {[%clk 0:19:36]} Rxb4 {[%clk 0:36:03]} 28. Qxb4 {[%clk 0:19:55]} d5
{[%clk 0:32:29]} 29. c6 {[%clk 0:16:06]} Qxc6 {[%clk 0:30:01]} 30. Qxe7
{[%clk 0:16:06]} Rb8 {[%clk 0:28:29]} 31. Nd6 {[%clk 0:11:58]} Qc5
{[%clk 0:22:35]} 32. Rd3 {[%clk 0:06:25]} Rb6 {[%clk 0:14:49]} 33. Qd8+
{[%clk 0:05:54]} Nf8 {[%clk 0:12:08]} 34. Ne8 {[%clk 0:05:23]} Bf5
{[%clk 0:09:00]} 35. Rf3 {[%clk 0:02:50]} Qc6 {[%clk 0:07:06]} 36. Rc3
{[%clk 0:02:25]} Qxc3 {[%clk 0:06:52]} 37. Qxb6 {[%clk 0:02:53]} Qe5
{[%clk 0:05:44]} 38. Qe3 {[%clk 0:02:11]} Qxe3 {[%clk 0:02:59]} 39. fxe3
{[%clk 0:02:38]} Nd7 {[%clk 0:01:59]} 40. Bxd5 {[%clk 0:32:51]} Nb6
{[%clk 0:31:59]} 41. e4 {[%clk 0:32:54]} Nxd5 {[%clk 0:31:25]} 42. exd5
{[%clk 0:33:22]} Kf8 {[%clk 0:30:53]} 43. Nd6 {[%clk 0:33:43]} Bd7
{[%clk 0:31:08]} 44. e4 {[%clk 0:33:34]} Ke7 {[%clk 0:31:20]} 45. Nc4
{[%clk 0:33:57]} Bc8 {[%clk 0:31:16]} 46. h4 {[%clk 0:32:50]} Bb7
{[%clk 0:27:35]} 47. Kg1 {[%clk 0:32:37]} f6 {[%clk 0:26:50]} 48. Kf2
{[%clk 0:32:56]} Bc8 {[%clk 0:26:41]} 49. Ke3 {[%clk 0:33:14]} Bg4
{[%clk 0:26:57]} 50. b4 {[%clk 0:33:15]} Bd7 {[%clk 0:27:18]} 51. Kd4
{[%clk 0:33:32]} Ba4 {[%clk 0:27:34]} 52. Na3 {[%clk 0:33:31]} Kd6
{[%clk 0:27:32]} 53. Nc4+ {[%clk 0:33:39]} Kc7 {[%clk 0:27:01]} 54. e5
{[%clk 0:33:43]} fxe5+ {[%clk 0:26:53]} 55. Nxe5 {[%clk 0:33:17]} Bc2
{[%clk 0:26:19]} 56. Kc5 {[%clk 0:33:18]} Be4 {[%clk 0:25:42]} 57. b5
{[%clk 0:32:29]} Kc8 {[%clk 0:25:37]} 58. b6 {[%clk 0:31:57]} Bf5
{[%clk 0:24:49]} 1-0

[Event "Wolrd Chess Olympiad 2018"]
[Site "Batumi"]
[Date "2018.09.26"]
[Round "3"]
[Board "2"]
[WhiteFideId "16400291"]
[White "Ebosse Kingue Victor Patrick"]
[BlackFideId "19600160"]
[Black "Yahi Mohamed Salem"]
[Result "0-1"]
[LiveChessVersion "1.4.8"]
[BlackElo "1926"]
[WhiteElo "2060"]

1. e4 {[%clk 1:30:55]} d6 {[%clk 1:30:51]} 2. d4 {[%clk 1:31:18]} Nf6
{[%clk 1:31:12]} 3. Nc3 {[%clk 1:31:35]} g6 {[%clk 1:31:34]} 4. f4
{[%clk 1:31:48]} Bg7 {[%clk 1:30:09]} 5. Nf3 {[%clk 1:32:10]} O-O
{[%clk 1:30:02]} 6. Be3 {[%clk 1:31:43]} Bg4 {[%clk 1:29:49]} 7. Qd2
{[%clk 1:32:03]} Na6 {[%clk 1:28:12]} 8. h3 {[%clk 1:32:20]} Bxf3
{[%clk 1:28:04]} 9. gxf3 {[%clk 1:32:39]} c5 {[%clk 1:28:16]} 10. d5
{[%clk 1:31:56]} e6 {[%clk 1:27:28]} 11. dxe6 {[%clk 1:31:48]} fxe6
{[%clk 1:27:41]} 12. Bc4 {[%clk 1:32:02]} Nc7 {[%clk 1:25:55]} 13. O-O-O
{[%clk 1:31:43]} b5 {[%clk 1:23:42]} 14. Nxb5 {[%clk 1:31:37]} Nxb5
{[%clk 1:23:40]} 15. Bxb5 {[%clk 1:32:05]} Qb6 {[%clk 1:23:53]} 16. c4
{[%clk 1:31:55]} a6 {[%clk 1:23:58]} 17. Ba4 {[%clk 1:32:06]} Rfd8
{[%clk 1:23:13]} 18. Qc2 {[%clk 1:26:04]} Rab8 {[%clk 1:22:50]} 19. Rh2
{[%clk 1:25:34]} Ne8 {[%clk 1:15:12]} 20. b3 {[%clk 1:23:41]} Nc7
{[%clk 1:12:25]} 21. f5 {[%clk 1:20:13]} exf5 {[%clk 1:12:07]} 22. exf5
{[%clk 1:20:24]} d5 {[%clk 1:12:12]} 23. Rg2 {[%clk 1:05:31]} Qf6
{[%clk 1:11:41]} 24. Bg5 {[%clk 1:04:13]} Qa1+ {[%clk 1:10:37]} 25. Kd2
{[%clk 1:04:22]} dxc4+ {[%clk 1:10:29]} 26. Bxd8 {[%clk 1:04:20]} Rxd8+
{[%clk 1:10:46]} 27. Ke2 {[%clk 1:04:33]} Qe5+ {[%clk 1:07:37]} 28. Kf1
{[%clk 1:03:18]} Rxd1+ {[%clk 1:06:19]} 29. Qxd1 {[%clk 1:03:10]} Nd5
{[%clk 1:06:34]} 30. Kg1 {[%clk 0:36:14]} Qxf5 {[%clk 1:06:49]} 31. Rd2
{[%clk 0:10:06]} Bd4+ {[%clk 1:06:10]} 32. Rxd4 {[%clk 0:07:46]} cxd4
{[%clk 1:06:23]} 33. Qxd4 {[%clk 0:08:00]} Qxf3 {[%clk 1:06:41]} 34. Qxc4
{[%clk 0:08:17]} Qg3+ {[%clk 1:06:55]} 35. Kf1 {[%clk 0:08:08]} Qxh3+
{[%clk 1:07:16]} 36. Ke1 {[%clk 0:08:24]} Qc3+ {[%clk 1:07:07]} 37. Ke2
{[%clk 0:06:59]} Qxc4+ {[%clk 1:07:22]} 38. bxc4 {[%clk 0:07:28]} Nc3+
{[%clk 1:07:44]} 39. Kd3 {[%clk 0:06:37]} Nxa4 {[%clk 1:07:59]} 40. Kc2
{[%clk 0:36:35]} h5 {[%clk 1:38:05]} 41. Kb3 {[%clk 0:36:55]} Nc5+
{[%clk 1:38:16]} 42. Kb4 {[%clk 0:37:04]} Nb7 {[%clk 1:38:37]} 0-1